Internetworking With TCP/IP Vol. III : Client-Server Programming & Applications (Record no. 2534)

MARC details
000 -LEADER
fixed length control field 00480nam a2200169Ia 4500
008 - FIXED-LENGTH DATA ELEMENTS--GENERAL INFORMATION
fixed length control field 221030s9999 xx 000 0 und d
020 ## - INTERNATIONAL STANDARD BOOK NUMBER
ISBN 8178084880
041 ## - LANGUAGE CODE
Language code of text/sound track or separate title
082 ## - DEWEY DECIMAL CLASSIFICATION NUMBER
Classification number 105.23
Item number Com
100 ## - MAIN ENTRY--AUTHOR NAME
Personal name D. E. Comer
245 #0 - TITLE STATEMENT
Title Internetworking With TCP/IP Vol. III : Client-Server Programming & Applications
Statement of responsibility, etc by D. E. Comer, D.L. Stevens
260 ## - PUBLICATION, DISTRIBUTION, ETC. (IMPRINT)
Name of publisher Pearson Education
Place of publication Delhi
Year of publication 2005
300 ## - PHYSICAL DESCRIPTION
Number of Pages 537
650 ## - SUBJECT ADDED ENTRY--TOPICAL TERM
Topical Term Computers
700 ## - ADDED ENTRY--PERSONAL NAME
Personal name D.L. Stevens
942 ## - ADDED ENTRY ELEMENTS (KOHA)
Koha item type Books
Holdings
Accession Number Cost, normal purchase price Full call number Price effective from Koha item type Withdrawn / writtenoff status Materials specified (bound volume or other part) Damaged status Not for loan Permanent Location Current Location Shelving location Date acquired Lost/ Missing status department
M 864 350.00 105.23 Com 10/30/2022 Books   Print     MIET Library, Jammu MIET Library, Jammu BL-Second, FL-1, CUP-96, SH-3, R-3 08/26/2006   MCA
M 865 350.00 105.23 Com 10/30/2022 Books   Print     MIET Library, Jammu MIET Library, Jammu BL-Academic Block- B, FL-2, CUP-83, SH-4, R-4 08/26/2006   MCA